| 000 | 00694nam a2200253 4500 | ||
|---|---|---|---|
| 001 | 27639 | ||
| 003 | BD-RjUL | ||
| 005 | 20211209051201.0 | ||
| 008 | 140325s1967 pk abh b 000 0 eng | ||
| 035 | _a(BD-RjUL)27718 | ||
| 040 |
_aDLC _cDLC _dDLC _beng |
||
| 041 | _aeng | ||
| 082 | 0 | 0 |
_a954.04 _bAHP 1967 |
| 100 | 1 |
_aAhmed, Gulzar. _983647 |
|
| 245 | 1 | 0 |
_aPakistan meets Indian challenge / _cGulzar Ahmed |
| 260 |
_aRawalpindi : _bAl Mukhtar Publishers, _c1967 |
||
| 300 |
_a226 p. : _bill. ; _c23 cm. |
||
| 350 | _a20.00 | ||
| 504 | _aBibliographical footnotes. | ||
| 650 | 0 |
_aIndia-Pakistan Conflict, 1965. _984884 |
|
| 942 |
_2ddc _cBK |
||
| 999 |
_c27639 _d27639 |
||